000 01073nam a22002777a 4500
001 BD-DhSAU 9143
003 BD-DhSAU
005 20190417091008.0
008 150613b2010 bg a|||| m||| 00| 0 eng d
040 _aBD-DhSAU
082 _222
_a630
_bAk79
100 _aAkter, Rojina
_eRegistration # 08-3223
245 _aResponse of mustard varities to different nitrogen management /
_bMS thesis
_cRojina Akter
260 _aSher-e-Bangla Agricultural Uniersity :
_bDepartment of Agronomy,
_c2010.
300 _axi 41 p. :
_bill. ;
_c29 cm.
500 _aMS thesis of Department of Agronomy , Faculty of Agriculture, Sher-e-Bangla Agricultural University, Dhaka, Bangladesh
504 _aIncludes bibliographical reference.
590 _aerfat
650 _aAgronomy
650 _aResponse of mustard varities to
650 _adifferent nitrogen management
700 _aKarim, Md Fazlul
_eSuperviser
700 _eCo-superviser
_a Ali, Md Hazrat
856 _yOnline Access
_uRESPONSE OF MUSTARD VARITIES TO DIFFERENT NITROGEN MANAGEMENT
942 _2ddc
_cTHESIS
999 _c9143
_d9143